Soupis jazykově španělských a portugalských tisků Roudnické Lobkowiczké knihovny
| Titel: | Soupis jazykově španělských a portugalských tisků Roudnické Lobkowiczké knihovny : 1501 - 1800 ; dodatky = Registro de los impresos españoles y portugueses 1501 - 1800 de la Biblioteca Lobkowiczense de Roudnice / Jaroslava Kašparová |
|---|---|
| Verfasser: | |
| Ausgabe: | 1. vyd. |
| Veröffentlicht: | Praha : Národní Knihovna České Republiky, 1999 |
| Umfang: | 201 Seiten : Illustrationen |
| Format: | Buch |
| Sprache: | Tschechisch |
| Schriftenreihe/ mehrbändiges Werk: |
Monographia miscellanea / Národní Knihovna České Republiky, Oddělení Rukopisu a Starých Tisku ; 7 |
| ISBN: | 807050336X |
alg: 10116240 001A $03004:30-10-01 001B $06062:28-11-25 $t09:59:55.000 001D $03004:30-10-01 001U $0utf8 001X $00 002@ $0Aay 002C $aText $btxt $2rdacontent 002D $aohne Hilfsmittel zu benutzen $bn $2rdamedia 002E $aBand $bnc $2rdacarrier 003@ $0101162405 003O $0313927239 $aOCoLC 004A $080-7050-336-X 007A $0101162405 $aHEB 007T $0Herdhh101162405 010@ $acze 011@ $a1999 021A $aSoupis jazykově španělských a portugalských tisků Roudnické Lobkowiczké knihovny $d1501 - 1800 ; dodatky $fRegistro de los impresos españoles y portugueses 1501 - 1800 de la Biblioteca Lobkowiczense de Roudnice $hJaroslava Kašparová 028A $BVerfasser $4aut $7 $8Kašparová, Jaroslava [Tnd] $9176366601 032@ $a1. vyd. 033A $pPraha $nNárodní Knihovna České Republiky 034D $a201 Seiten 034M $aIllustrationen 036E $aMonographia miscellanea / Národní Knihovna České Republiky, Oddělení Rukopisu a Starých Tisku $l7 036F $x17 $8Monographia miscellanea $9101161913 $l7 044K $RPrag $#Lobkowitzpalais Prag $#Botschaftsgebäude der Deutschen Botschaft in Tschechien Prag $#Palais Lobkowicz Prag $74313128-1 $8Palais Lobkowitz$gPrag [Tg1] $9086719998 044K $RKulturelle Einrichtung $RBibliothekswissenschaft $#Libraries $#Bibliothèques $#Biblioteche $#Bibliotecas $#libraries $#Libraries $#Bibliothek $#Bibliothek $#Bibliotheken $#Allgemeinbibliothek $#Bibliothekswesen $#Bücherei $#Universalbibliothek $#Gebrauchsbibliothek $74006439-6 $8Bibliothek [Tsz] $9085009229 044K $RIberoromanisch $#Kastilisch $#Spanische Sprache $74077640-2 $8Spanisch [Ts1] $908522006X 044K $RIberoromanisch $#Portuguese language $#Portugais (langue) $#Lingua portoghese $#Lengua portuguesa $#Portugiesisch $#Portugiesische Sprache $74120316-1 $8Portugiesisch [Ts1] $9085383511 045F $a020.94371 $eDDC23BSB 045F/01 $a020 045F/03 $g4371 045G $a907.2094371 $eDDC23BSB 045G/01 $a907.2 045G/03 $g4371 045R $aGeschichte 1501-1800 lok: 10116240 24 101B $005-12-02 $t17:36:33.471 101C $030-10-01 145Z/01 $a23 4 B 145Z/02 $a23 1 C 101U $0utf8 exp: 10116240 24 1 #EPN 201B/01 $017-12-02 $t17:50:22.094 201C/01 $030-10-01 203@/01 $0164593667 208@/01 $a30-10-01 $bz 209A/01 $a01.3105 $du $f050 $h01 3105 $x00 209C/01 $a01.3105 T $h01 3105 T 209G/01 $a70372517 $x00 247C/01 $8358050-7Marburg, Bibliothek des Herder-Instituts Marburg $9102600961 201U/01 $0utf8 lok: 10116240 78 exp: 10116240 78 1 #EPN 201B/01 $025-11-17 $t23:23:22.000 201U/01 $0utf8 203@/01 $0794394507 208@/01 $a12-11-16 $be 209A/01 $a/ $f000 $x00 237A/01 $aweiterführende Signatur(en): Herder-Institut: 01.3105 244Z/01 $#Tschechien $#Tschechische Republik $#Tschechien $#Tschechische Republik $#Tschechenland $#Tschechei Tschechien $#Česká Republika $#Czech Republic $#ČR $74303381-7 $8--Tg1--Tschechien $x01 $9086659812 244Z/01 $2Trx $#Böhmen $#Bohemia $#Czechy $8--Trx--Čechy $x02 $9391188941 244Z/01 $aGeschichte 1501-1800 $x03 244Z/01 $aPrag Palais Lobkowitz $x04 244Z/01 $aBibliothek $x05 244Z/01 $aSpanisch $x06 244Z/01 $aPortugiesisch $x07 244Z/01 $2Trx $8--Trx--Monographie $x08 $9391384546 245Z/01 $a04.02 $x01 247C/01 $82080>Marburg/Lahn, Herder-Institut, Forschungsbibliothek, Bibliographieportal $9336309341 lok: 10116240 205 exp: 10116240 205 1 #EPN 201B/01 $008-03-06 $t14:30:05.000 201C/01 $019-04-02 203@/01 $0170280772 208@/01 $a17-05-02 $bz 209A/01 $aA 2002/0152 $du $f000 $x00 209G/01 $a29206066 $x00 247C/01 $8351000-1 <4>Marburg, Universität Marburg, Universitätsbibliothek $9102594767 201U/01 $0utf8
| LEADER | 00000cam a22000002c 4500 | ||
|---|---|---|---|
| 001 | 101162405 | ||
| 003 | DE-603 | ||
| 005 | 20251128095955.0 | ||
| 007 | tu | ||
| 008 | 011030s1999 xx |||| | u00||u|cze c | ||
| 020 | |a 807050336X | ||
| 035 | |a (DE-599)HEB101162405 | ||
| 035 | |a (OCoLC)313927239 | ||
| 040 | |a DE-603 |b ger |c DE-603 |d DE-603 | ||
| 041 | |a cze | ||
| 082 | 0 | 4 | |8 1\u |a 020.94371 |q DE-101 |2 23/BSB |
| 083 | 0 | |8 2\u |a 907.2094371 |q DE-101 |2 23/BSB | |
| 085 | |8 1\u |b 020 | ||
| 085 | |8 1\u |z 2 |s 4371 | ||
| 085 | |8 2\u |b 907.2 | ||
| 085 | |8 2\u |z 2 |s 4371 | ||
| 100 | 1 | |a Kašparová, Jaroslava |e Verfasser |4 aut |0 (DE-603)176366601 | |
| 245 | 0 | 0 | |a Soupis jazykově španělských a portugalských tisků Roudnické Lobkowiczké knihovny |b 1501 - 1800 ; dodatky = Registro de los impresos españoles y portugueses 1501 - 1800 de la Biblioteca Lobkowiczense de Roudnice |c Jaroslava Kašparová |
| 250 | |a 1. vyd. | ||
| 264 | 1 | |a Praha |b Národní Knihovna České Republiky |c 1999 | |
| 300 | |a 201 Seiten |b Illustrationen | ||
| 336 | |a Text |b txt |2 rdacontent | ||
| 337 | |a ohne Hilfsmittel zu benutzen |b n |2 rdamedia | ||
| 338 | |a Band |b nc |2 rdacarrier | ||
| 490 | 1 | |a Monographia miscellanea / Národní Knihovna České Republiky, Oddělení Rukopisu a Starých Tisku |v 7 | |
| 648 | 7 | |a Geschichte 1501-1800 |2 gnd | |
| 650 | 7 | |a Bibliothek |0 (DE-588)4006439-6 |0 (DE-603)085009229 |2 gnd | |
| 650 | 7 | |a Spanisch |0 (DE-588)4077640-2 |0 (DE-603)08522006X |2 gnd | |
| 650 | 7 | |a Portugiesisch |0 (DE-588)4120316-1 |0 (DE-603)085383511 |2 gnd | |
| 651 | 7 | |a Palais Lobkowitz |g Prag |0 (DE-588)4313128-1 |0 (DE-603)086719998 |2 gnd | |
| 810 | 2 | 2 | |a Národní Knihovna České Republiky |b Oddělení Rukopisů a Starých Tisků |t Monographia miscellanea |v 7 |w (DE-603)101161913 |w (DE-600)2062450-5 |9 17 |7 as |
| 924 | 0 | |9 Mb 50 |a (DE-603)164593667 |b DE-Mb50 |c HES |d c |g 01.3105 | |
| 924 | 0 | |9 2080 |a (DE-603)794394507 |b DE-2080 |c HES |d d |g / | |
| 924 | 0 | |9 4 |a (DE-603)170280772 |b DE-4 |c HES |d c |g A 2002/0152 | |


